Jaki to Samochód - Statystyki

Ogólne statystyki
  • Ten quiz został rozwiązany 573 razy
  • Średni wynik to 8 z 10
Statystyki odpowiedzi
Model Marka % Poprawnych
Astra Opel
98%
Q7 Audi
92%
Passat Volkswagen
90%
Impreza Subaru
84%
Huracan Lamborghini
83%
Quashqai Nissan
83%
Charger Dodge
73%
Giulietta Alfa Romeo
66%
Taycan Porsche
53%
Crown Victoria Ford
46%
Nie znaleziono quizów pasujących do podanych kryteriów
Rozkład punktacji
Procent ludzi z każdym wynikiem
Percentyl według liczby udzielonych odpowiedzi
Twoja historia wyników
Nie rozwiązałeś tego quizu